[Event "33rd Olympiad men"]
[Site "Elista RUS"]
[Date "1998.10.08"]
[Round "10.3"]
[White "Sommerbauer, Norbert"]
[Black "James, David Jeffrey"]
[Result "1-0"]
[WhiteElo "2400"]
[BlackElo "2245"]
[PlyCount "29"]
[EventDate "1998.??.??"]

1. Nf3 Nf6 2. c4 e6 3. g3 b6 4. Bg2 Bb7 5. O-O Be7 6. Nc3 O-O 7. Re1 d5 8. cxd5
exd5 9. d4 Nbd7 10. Bf4 Ne4 11. Rc1 c5 12. Ne5 cxd4 13. Nxe4 dxe4 14. Nxd7 Qxd7
15. Rc7 1-0

[Event "33rd Olympiad men"]
[Site "Elista RUS"]
[Date "1998.10.08"]
[Round "10.4"]
[White "Binks, Michael"]
[Black "Weiss, Christian"]
[Result "0-1"]
[WhiteElo "2100"]
[BlackElo "2370"]
[PlyCount "118"]
[EventDate "1998.??.??"]

1. d4 g6 2. Nf3 Bg7 3. g3 d6 4. Bg2 Nd7 5. O-O e5 6. dxe5 dxe5 7. c4 Ngf6 8.
Nc3 O-O 9. Be3 Ng4 10. Bg5 f6 11. Bd2 Nh6 12. Qc2 Nf7 13. Rac1 Nc5 14. Rfd1 Nd6
15. Be3 Bf5 16. Qd2 Ne6 17. c5 Nc4 18. Qxd8 Raxd8 19. b4 Nxe3 20. fxe3 Rxd1+
21. Rxd1 g5 22. Ne1 c6 23. Rd6 Rd8 24. Be4 Bh3 25. Bg2 Bxg2 26. Rxd8+ Nxd8 27.
Kxg2 Kf7 28. g4 Bf8 29. Kf3 Ne6 30. Nd3 Nc7 31. e4 Ke6 32. e3 Kd7 33. Ke2 Ne6
34. Kd2 Be7 35. Kc2 Ng7 36. Kb3 h5 37. h3 hxg4 38. hxg4 Ne6 39. Kc4 Nf8 40. Ne1
Ng6 41. Nd3 Nh4 42. Ne1 Bd8 43. Nd1 b6 44. cxb6 Bxb6 45. Kd3 Ng6 46. Nb2 Nh8
47. Nc4 Nf7 48. Nc2 Nh6 49. Ke2 Nxg4 50. Nxb6+ axb6 51. a4 Nh6 52. Na3 Nf7 53.
Nc4 Kc7 54. a5 bxa5 55. Nxa5 Nd6 56. Kf3 Kb6 57. Kg4 Kb5 58. Kf3 Ne8 59. Kg4 c5
0-1

[Event "33rd Olympiad men"]
[Site "Elista RUS"]
[Date "1998.10.09"]
[Round "11.1"]
[White "Alterman, Boris"]
[Black "Baumegger, Siegfried"]
[Result "1-0"]
[WhiteElo "2600"]
[BlackElo "2360"]
[PlyCount "127"]
[EventDate "1998.??.??"]

1. c4 c5 2. Nf3 Nf6 3. Nc3 e6 4. d4 cxd4 5. Nxd4 Bb4 6. g3 O-O 7. Bg2 d5 8.
cxd5 Nxd5 9. Qb3 Qb6 10. Bxd5 exd5 11. Be3 Nc6 12. Nxc6 Bxc3+ 13. Qxc3 Qxc6 14.
Qxc6 bxc6 15. Rc1 Bd7 16. f3 Rfb8 17. b3 a5 18. Bc5 a4 19. b4 Re8 20. a3 Bc8
21. Kf2 Ba6 22. e3 h5 23. h3 f6 24. Bd4 Bb5 25. Rc5 Kf7 26. Rd1 Rad8 27. Rdc1
Rc8 28. g4 hxg4 29. fxg4 Ke6 30. h4 g6 31. Rh1 Rc7 32. Kg3 Rg8 33. Rhc1 Rcc8
34. R1c2 Rgf8 35. Rf2 Rf7 36. Rc1 Rg8 37. Rcc2 f5 38. g5 Rh7 39. Rc5 Kd7 40.
Rfc2 Re8 41. Rf2 Re4 42. Rf4 Re8 43. Rc1 Rh5 44. Kf2 Kd6 45. Rh1 Ke6 46. Bg7
Rh7 47. Bf6 Rc8 48. Bd4 Re8 49. h5 Rxh5 50. Rxh5 gxh5 51. g6 Bd3 52. Rh4 Rg8
53. g7 Kf7 54. Rxh5 Rxg7 55. Bxg7 Kxg7 56. Kg3 Kg6 57. Rh8 Bb5 58. Kf4 Kf6 59.
Rh6+ Ke7 60. Ke5 Kd7 61. Rh7+ Kc8 62. Rf7 Kb8 63. Kd6 Kc8 64. Rxf5 1-0

[Event "33rd Olympiad men"]
[Site "Elista RUS"]
[Date "1998.10.09"]
[Round "11.3"]
[White "Kosashvili, Yona"]
[Black "Sommerbauer, Norbert"]
[Result "1/2-1/2"]
[WhiteElo "2580"]
[BlackElo "2400"]
[PlyCount "142"]
[EventDate "1998.??.??"]

1. e4 c5 2. Nf3 e6 3. d4 cxd4 4. Nxd4 Nc6 5. Nb5 d6 6. c4 Nf6 7. N1c3 a6 8. Na3
b6 9. Be2 Bb7 10. O-O Nb8 11. f3 Nbd7 12. Be3 Be7 13. Qd2 O-O 14. Rfd1 Rc8 15.
Rac1 Qc7 16. Kh1 Qb8 17. Bf1 Rfe8 18. Nab1 Bd8 19. Bf4 Ne5 20. Na3 Bc7 21. Bg3
Nh5 22. Bf2 Nf6 23. Bh4 Nfd7 24. Bg3 Nf6 25. Nc2 Kh8 26. Nd4 Ng6 27. Nde2 Red8
28. Qe3 Re8 29. Qg1 Ne5 30. b3 g5 31. Bf2 Ba8 32. Bd4 Rg8 33. Qf2 Rg7 34. Na4
Nfd7 35. Ng3 Rg6 36. Be2 Rcg8 37. Rf1 Bd8 38. Rcd1 h6 39. Nh5 Bc6 40. Nc3 Kh7
41. Rd2 Nf6 42. Nxf6+ Rxf6 43. Rfd1 Rfg6 44. b4 Ba8 45. Na4 b5 46. Ba7 Qb7 47.
cxb5 axb5 48. Nc3 Nc4 49. Bxc4 bxc4 50. Rxd6 Qxb4 51. Rxd8 Qxc3 52. R8d7 Qf6
53. Qc5 R6g7 54. Qd6 g4 55. Bd4 Qg6 56. Qg3 f6 57. Bc3 e5 58. R7d6 gxf3 59.
Qxg6+ Rxg6 60. gxf3 f5 61. Rd7+ R6g7 62. Bxe5 Rxd7 63. Rxd7+ Kg6 64. Rd6+ Kh5
65. Bf4 Rg6 66. Rd8 Bc6 67. Rf8 fxe4 68. Rf5+ Kh4 69. Bg3+ Rxg3 70. hxg3+ Kxg3
71. Rf6 71... exf3 $2 (71... e3 72. Rxc6 e2 73. Rg6+ Kf2 74. Rg2+ Kxf3 75. Rg1
Kf2 76. a4 76... e1=Q $19) (71... exf3 72. Rg6+ Kh3 73. Rxh6+ Kg3 74. Rxc6 f2
75. Rg6+ Kf3 76. Rf6+ 76... Kg3 $11) 1/2-1/2

[Event "33rd Olympiad men"]
[Site "Elista RUS"]
[Date "1998.10.09"]
[Round "11.4"]
[White "Weiss, Christian"]
[Black "Avrukh, Boris"]
[Result "0-1"]
[WhiteElo "2370"]
[BlackElo "2565"]
[PlyCount "84"]
[EventDate "1998.??.??"]

1. Nf3 g6 2. d4 Bg7 3. e4 d6 4. Nc3 Nf6 5. Be2 O-O 6. O-O a6 7. a4 b6 8. Re1 e6
9. Bf4 Bb7 10. Bf1 Nc6 11. Bg3 Nh5 12. Bh4 Qd7 13. g4 Nf6 14. h3 Ne7 15. Bg2
Rad8 16. Qe2 c5 17. dxc5 bxc5 18. e5 dxe5 19. Nxe5 Qc8 20. Bxb7 Qxb7 21. Ra3
Rd4 22. Rb3 Qc8 23. Nf3 Rb4 24. Rxb4 cxb4 25. Ne4 Nfd5 26. Nd6 Qc6 27. Bg3 Bxb2
28. Ng5 Nc8 29. Nxe6 Nxd6 30. Nxf8 Kxf8 31. Qf3 Nc8 32. Rd1 Nce7 33. h4 Qe6 34.
a5 Bc3 35. g5 Kg7 36. Kg2 f5 37. gxf6+ Bxf6 38. Rd2 Qc6 39. Kh2 Qc4 40. h5 g5
41. Kg1 g4 42. Qg2 b3 0-1